Participación indígena y accesibilidad electoral en el Perú : (Registro nro. 22190)
[ vista simple ]
| 000 -Cabecera | |
|---|---|
| Campo de control interno | 01179nam a22002657a 4500 |
| 005 - Fecha y hora del registro | |
| control field | 20260409121623.0 |
| 008 - Elementos de Longitud Fija | |
| fixed length control field | 260407b |||||||| |||| 00| 0 spa d |
| 020 ## - ISBN | |
| ISBN | 9786125192059 |
| 041 ## - Idioma | |
| Codigo Idioma | ESP |
| 082 ## - DEWEY y NOTACIÓN INTERNA | |
| Dewey | 324.985 |
| Notación Interna | B96P |
| 100 ## - AUTOR | |
| Autor denominación | Bustos Ocampos, Mariuxy |
| Término de relación | autor |
| 245 ## - TÍTULO DE MATERIAL BIBLIOGRÁFICO | |
| Título | Participación indígena y accesibilidad electoral en el Perú : |
| Título paralelo | diagnóstico, desafíos y rutas de acción |
| 250 ## - EDICIÓN | |
| Edición | Primera edición |
| 260 ## - CIUDAD, EDITORIAL, AÑO | |
| Ciudad | Lima : |
| Nombre de la Editorial | Oficina Nacional de Procesos Electorales (ONPE), |
| Año | 2025 |
| 300 ## - DESCRIPCIÓN | |
| N° Páginas | 181 páginas : |
| Otros detalles | tablas, gráficos, mapas ; |
| Dimensiones | 24 cm. |
| 440 ## - MENCIÓN DE SERIE | |
| Título de la Serie | (Documento de trabajo ; |
| Número de Serie | número 57) |
| 650 ## - TEMAS | |
| Temas | Ciencias Sociales |
| 653 ## - DESCRIPTORES | |
| Lenguajes no controlado | Participación indígena; Accesibilidad electoral; Ciudadanía; Implementaciones institucionales |
| 654 ## - PROGRAMAS | |
| Programa | Dpto. de Derecho y Ciencia Política |
| 700 ## - OTROS AUTORES | |
| Otros autores | Pelaez Cotrina, Guillermo |
| Termino Relacionado | autor |
| 856 ## - URL - UBICACIÓN | |
| URI/URL: Enlace exacto del recurso | <a href="https://0u20jvrne-y-https-www-jstor-org.itmsp.museknowledge.com/">https://0u20jvrne-y-https-www-jstor-org.itmsp.museknowledge.com/</a> |
| Nota pública: Versión digital | <a href="Véase además: Base de datos JSTOR">Véase además: Base de datos JSTOR</a> |
| 856 ## - URL - UBICACIÓN | |
| URI/URL: Enlace exacto del recurso | <a href="https://0u21avruf-y-https-go-gale-com.itmsp.museknowledge.com/ps/start.do?authCount=1&u=ucsp&p=IFME&aty=ip">https://0u21avruf-y-https-go-gale-com.itmsp.museknowledge.com/ps/start.do?authCount=1&u=ucsp&p=IFME&aty=ip</a> |
| Nota pública: Versión digital | <a href="Véase además: Base de datos Gale OneFile Informe Académico">Véase además: Base de datos Gale OneFile Informe Académico</a> |
| 942 ## - ELEMENTOS DE KOHA | |
| Tipo de documento | Libro |
| Nombre del creador | Justo Noguera |
| Código de catalogador | Justo Noguera |
| Suppress in OPAC | No |
| Esquema de clasificación | Dewey Decimal Classification |
| Codigo completo | Registro | Colección | Copia número | Disponibilidad | Tipo de préstamo | Biblioteca Actual | Procedencia (Biblioteca) | Ubicacón | Fecha Ingreso | Tipo de Adquisición | Observación | Date last seen | Total checkouts | Price effective from | Tipo de Item | Estado del Material | Fuente de Clasificación | Damaged status | Withdrawn status |
|---|---|---|---|---|---|---|---|---|---|---|---|---|---|---|---|---|---|---|---|
| 324.985 B96P | 1088256 | Universidad Católica San Pablo | 1 | No disponible | Proceso | Víctor Andrés Belaunde | Víctor Andrés Belaunde | Planta baja abierta | 07/04/2026 | Donación | ONPE | 07/04/2026 | 07/04/2026 | Libro | Bueno | Dewey Decimal Classification | Withdrawn |




